Behind the veil in Persia and Turkish Arabia : (Record no. 23425)
[ view plain ]
| 000 -LEADER | |
|---|---|
| fixed length control field | 00938cam a22002651 4500 |
| 001 - CONTROL NUMBER | |
| control field | 23425 |
| 003 - CONTROL NUMBER IDENTIFIER | |
| rucl marc code | BD-RjUL |
| 005 - DATE AND TIME OF LATEST TRANSACTION | |
| control field | 20211209000928.0 |
| 008 - FIXED-LENGTH DATA ELEMENTS--GENERAL INFORMATION | |
| fixed length control field | 14031 s1909 xx 000 0 eng |
| 035 ## - SYSTEM CONTROL NUMBER | |
| System control number | (BD-RjUL) |
| System control number | (OCoLC)727743 |
| 040 ## - CATALOGING SOURCE | |
| Original cataloging agency | DLC |
| Transcribing agency | PPT |
| Modifying agency | OCoLC |
| -- | DLC |
| -- | BD-RjUL |
| Language of cataloging | eng |
| 041 ## - LANGUAGE CODE | |
| Language code of text/sound track or separate title | eng |
| 082 ## - DEWEY DECIMAL CLASSIFICATION NUMBER | |
| Classification number | 915 |
| Author mark and year | HUB |
| 100 2# - MAIN ENTRY--PERSONAL NAME | |
| Personal name | Hume-Griffith, M. E. |
| 9 (RLIN) | 72149 |
| 245 10 - TITLE STATEMENT | |
| Title | Behind the veil in Persia and Turkish Arabia : |
| Remainder of title | an account of an Englishwoman's eight years' residence amongst the women of the East / |
| Statement of responsibility, etc. | With narratives of experiences in both countries by A. Hume Griffith. |
| 260 ## - PUBLICATION, DISTRIBUTION, ETC. (IMPRINT) | |
| Place of publication, distribution, etc. | London : |
| Name of publisher, distributor, etc. | Seeley, |
| Date of publication, distribution, etc. | 1909. |
| 300 ## - PHYSICAL DESCRIPTION | |
| Pagination | 335 p. : |
| Illustrations | plates, ports., fold. col. map. ; |
| Size | 22 cm. |
| 504 ## - BIBLIOGRAPHY, ETC. NOTE | |
| Bibliography, etc | Includes index. |
| 651 #0 - SUBJECT ADDED ENTRY--GEOGRAPHIC NAME | |
| Geographic name | Iran |
| General subdivision | Social life and customs. |
| 9 (RLIN) | 30963 |
| Geographic name | Arabian Peninsula |
| General subdivision | Social life and customs. |
| 9 (RLIN) | 71180 |
| 942 ## - ADDED ENTRY ELEMENTS (KOHA) | |
| Source of classification or shelving scheme | Dewey Decimal Classification |
| Koha item type | Books |
| Lost status | Source of classification or shelving scheme | Damaged status | Not for loan | Collection code | Permanent Location | Current Location | Shelving location | Date acquired | Source of acquisition | Cost, normal purchase price | Total Checkouts | Full call number | Date last seen | Copy number | Koha item type |
|---|---|---|---|---|---|---|---|---|---|---|---|---|---|---|---|
| Dewey Decimal Classification | Added to bundle | Non-fiction | Central Library, University of Rajshahi | Central Library, University of Rajshahi | Reading Room | 22/01/1964 | Zeitlinger | 0.00 | 915 HUB 1909 | 10/03/2014 | C-1 | Books |